000 01403namaa22003131i 4500
005 20260302111921.0
008 260112s1995 ua a|||frm||| 000 0 eng d
040 _aEG-GICUC
_beng
_cEG-GICUC
_dEG-GICUC
_erda
041 0 _aeng
_beng
_bara
049 _aDeposit
097 _aM.Sc
099 _aCai01.10.06.M.Sc.1995.Sa.C.
100 0 _aSabry Zeinhom Okasha,
_epreparation.
245 1 0 _aCharacters Of Staphylococus Aureus Isolated From Poultry And Workers In A Poultry Processsing Plant /
_cBy Sabry Zeinhom Okasha; Under Supervision Of Dr. Adel M. Ibrahim, Dr . Amal M. EL Sherif.
246 1 5 _aخواص ميكروب العنقودي الذهبي المعزول من الدواجن وكذلك العاملينم بمصنع لتجهيز الدواجن
264 0 _c1995.
300 _a108 Leaves :
_billustrations ;
_c30 cm. +
336 _2rda content
_atext
337 _2rdamedia
_aUnmediated
338 _2rdacarrier
_avolume
502 _aThesis (M.Sc.) -Cairo University, 1995.
504 _aBibliography: pages 91-108.
653 0 _aFood Hygiene And Control
700 0 _aAdel M. Ibrahim
_ethesis advisor.
700 0 _aAmal M. EL Sherif
_ethesis advisor.
900 _DDepartment of Food Hygiene And Control
_FFaculty of Veterinary Medicine
_UCairo University
_b1995
_cAdel M. Ibrahim
_cAmal M. EL Sherif
905 _aEman El gebaly
_eNourhan
942 _2ddc
_cTH
_e21
_n0
999 _c177613